Central Library OPAC University of Rajshahi

The agricultural development of the Middle East / (Record no. 73350)

MARC details
000 -LEADER
fixed length control field 00737nam a2200229 a 4500
001 - CONTROL NUMBER
control field 73350
003 - CONTROL NUMBER IDENTIFIER
rucl marc code BD-RjUL
005 - DATE AND TIME OF LATEST TRANSACTION
control field 20211209082402.0
008 - FIXED-LENGTH DATA ELEMENTS--GENERAL INFORMATION
fixed length control field 170530s1946 enkabf b f001 0 eng d
035 ## - SYSTEM CONTROL NUMBER
System control number (BD-RjUL)73568
040 ## - CATALOGING SOURCE
Original cataloging agency DLC
Description conventions rda
Transcribing agency DLM
Modifying agency BD-RjUL
Language of cataloging eng
041 ## - LANGUAGE CODE
Language code of text/sound track or separate title eng
082 ## - DEWEY DECIMAL CLASSIFICATION NUMBER
Edition number 23
Classification number 630.956
Author mark and year KEA 1946
100 1# - MAIN ENTRY--PERSONAL NAME
Personal name Keen, Bernard Augustus,
Dates associated with a name 1890-1981,
9 (RLIN) 216959
245 14 - TITLE STATEMENT
Title The agricultural development of the Middle East /
Statement of responsibility, etc. by B.A. Keen.
260 ## - PUBLICATION, DISTRIBUTION, ETC. (IMPRINT)
Place of publication, distribution, etc. London :
Name of publisher, distributor, etc. H.M. Stationery Off.,
Date of publication, distribution, etc. 1946.
300 ## - PHYSICAL DESCRIPTION
Pagination xii, 126 p. :
Illustrations ill. ;
Size 25 cm
504 ## - BIBLIOGRAPHY, ETC. NOTE
Bibliography, etc Includes bibliographical references and index.
650 #0 - SUBJECT ADDED ENTRY--TOPICAL TERM
Topical term or geographic name as entry element Agriculture
Geographic subdivision Africa.
9 (RLIN) 216960
Topical term or geographic name as entry element Agriculture
Geographic subdivision Middle East.
9 (RLIN) 134502
942 ## - ADDED ENTRY ELEMENTS (KOHA)
Source of classification or shelving scheme Dewey Decimal Classification
Koha item type Books
Holdings
Lost status Source of classification or shelving scheme Damaged status Not for loan Collection code Permanent Location Current Location Shelving location Date acquired Source of acquisition Total Checkouts Full call number Date last seen Copy number Koha item type
  Dewey Decimal Classification   Not For Loan Non-fiction Central Library, University of Rajshahi Central Library, University of Rajshahi Reading Room 06/02/1973 Asia Foundation   630.956 KEA 1946 30/05/2017 C-1 Books